Question bank in electrical and electronics engineering / (Record no. 912)

MARC details
000 -LEADER
fixed length control field 00692nac a22001931u 4500
020 ## - INTERNATIONAL STANDARD BOOK NUMBER
International Standard Book Number 8175150458
082 ## - DEWEY DECIMAL CLASSIFICATION NUMBER
Classification number 621.384132
Item number R1612
090 ## - LOCALLY ASSIGNED LC-TYPE CALL NUMBER (OCLC); LOCAL CALL NUMBER (OCLC)
-- 912
-- 912
100 ## - MAIN ENTRY--PERSONAL NAME
Personal name Raj, Harish C.
245 ## - TITLE STATEMENT
Title Question bank in electrical and electronics engineering /
Statement of responsibility, etc Harish C. Raj, Ashok Raj.
260 ## - PUBLICATION, DISTRIBUTION, ETC. (IMPRINT)
Place of publication, distribution, etc New Delhi :
Name of publisher, distributor, etc Galgoyia publishing Co.,
Date of publication, distribution, etc 2003.
300 ## - PHYSICAL DESCRIPTION
Extent 1098 p.:
Other physical details ill. ;
Dimensions 24 cm.
500 ## - GENERAL NOTE
General note Includes index.
650 ## - SUBJECT ADDED ENTRY--TOPICAL TERM
Topical term or geographic name as entry element Electronics.
650 ## - SUBJECT ADDED ENTRY--TOPICAL TERM
Topical term or geographic name as entry element Electric engineering.
700 ## - ADDED ENTRY--PERSONAL NAME
Personal name Raj, Ashok.
942 ## - ADDED ENTRY ELEMENTS (KOHA)
Item type Book - Borrowing
Call number prefix 621.384132R1612
Holdings
Withdrawn status Item status Source of classification or shelving scheme Damaged status Not for loan Vendor Home library Current library Shelving location Date acquired Source of acquisition Cost, normal purchase price Total Checkouts Full call number Barcode Date last seen Cost, replacement price Koha item type
    Dewey Decimal Classification       Central Library Central Library First floor 09/08/2006   125.00   621.384132 RAJ 000003616 15/07/2025 156.25 Book - Borrowing